• 首页
  • 本馆介绍
  • 公告通知
  • 最新文献
  • 馆藏检索
  • 电子资源
  • 读者导购
  • 参考咨询
  • 我的图书馆
  • 登录
  • 详细信息显示
  • 放入我的书架
  • 预约/预借图书
  • 作者相关作品
  • 分类相关作品
  • 丛书相关作品
  • 出版社相关作品

书目信息

  • 表格格式
  • 工作单格式
  • 卡片格式
题名:
化学哲学基础
    
 
作者: ;中国自然辨证法研究会化学化工专业组化学哲学基础编委会 编著
分册:  
出版信息: 北京   科学出版社  1986
页数: 573页
开本: 26cm
丛书名:
单 册:
中图分类: O6-05
科图分类:
主题词: 化学哲学
电子资源:
ISBN:
000 00811nam0 2200241 45
001 0186010098
005 20040913162207.2
010    @b精装@dCNY9.45
091    @a13031.3350
100    @a19900818d1986 emky0chiy0121 ea
101 0  @achi
102    @aCN@b110000
105    @ay z 000yy
106    @ar
200 10 @a化学哲学基础@Ahua xue zhe xue ji chu@f中国自然辨证法研究会化学化工专业组《化学哲学基础》编委会编著
210    @a北京@c科学出版社@d1986
215    @a573页@d26cm
606    @a化学哲学
690    @aO6-05@v3
711 02 @a中国自然辨证法研究会化学化工专业组化学哲学基础编委会@Azhong guo zi ranbian zheng fa yan jiu hui hua xue hua gong zhuan ye zu hua xue zhe xue ji chu bian wei hui@4编著
801  0 @aCN@b深圳图书馆@c20040913
801  2 @aCN@bNLC@c20040913
905    @f1@b169320@dO6-05@e194
    
    化学哲学基础/中国自然辨证法研究会化学化工专业组《化学哲学基础》编委会编著.-北京:科学出版社,1986
    573页;26cm
    
    
    ISBN (精装):CNY9.45
    
●
相关链接 在E读中查询图书 在五车中查询图书 在当当中查询图书 在豆瓣中查询图书


正题名:化学哲学基础     索取号:O6-05/194         预约/预借

序号 登录号 条形码 馆藏地/架位号 状态 备注
1 0169320   001695678   第三借阅区/ [索取号:O6-05/194] 在馆    
2 0169325   000340679   第二样本阅览室/ [索取号:O6-05/194] 在馆    
唐山师范学院图书馆 欢迎您!
大连网信软件有限公司© 版权所有